Welcome to the Holygrace Academy Library

Please use search bar below to get started

LIKE THE FLOWING RIVER (Record no. 2938)

MARC details
000 -LEADER
fixed length control field 00582nam a22001457a 4500
020 ## - INTERNATIONAL STANDARD BOOK NUMBER
ISBN 0-00-724630-7
082 ## - DEWEY DECIMAL CLASSIFICATION NUMBER
Classification number 823
Item number COE/L
100 ## - MAIN ENTRY--AUTHOR NAME
Personal name COELHO, PAULO
245 ## - TITLE STATEMENT
Title LIKE THE FLOWING RIVER
260 ## - PUBLICATION, DISTRIBUTION, ETC. (IMPRINT)
Place of publication LONDON
Name of publisher HARPER COLLINS
Year of publication 2006
300 ## - PHYSICAL DESCRIPTION
Number of Pages 232
520 ## - SUMMARY, ETC.
Summary, etc 'Like the Flowing River' includes jewel-like fables, packed with meaning and retold in Coelho's inimitable style. Sharing his thoughts on spirituality, life and ethics, Paulo touches you with his philosophy and invites you to go on an exciting journey of your own.
650 ## - SUBJECT ADDED ENTRY--TOPICAL TERM
Topical Term NOVEL
Geographic subdivision UNITED KINGDOM
942 ## - ADDED ENTRY ELEMENTS (KOHA)
Koha item type Books
Holdings
Withdrawn status Lost status Collection code Home library Current library Shelving location Date acquired Source of acquisition Cost, normal purchase price Full call number Accession Number Koha item type
    Fiction Main Library Main Library SHELF-14C- ALPHABETICAL -C--ENGLISH NOVELS & FICTIONS 15/06/2009 purchase 295.00 823 COE/L 04864 Books